Central Library OPAC University of Rajshahi

Propertius / (Record no. 23208)

MARC details
000 -LEADER
fixed length control field 01054cam a2200325 a 4500
001 - CONTROL NUMBER
control field 23208
003 - CONTROL NUMBER IDENTIFIER
rucl marc code BD-RjUL
005 - DATE AND TIME OF LATEST TRANSACTION
control field 20211209000914.0
008 - FIXED-LENGTH DATA ELEMENTS--GENERAL INFORMATION
fixed length control field 140310r19521912enk 001 0 eng d
020 ## - INTERNATIONAL STANDARD BOOK NUMBER
International Standard Book Number 0434990183
035 ## - SYSTEM CONTROL NUMBER
System control number (BD-RjUL)23273
System control number (OCoLC)3717262
040 ## - CATALOGING SOURCE
Original cataloging agency UMC
Modifying agency OCL
-- BD-RjUL
Language of cataloging eng
Transcribing agency BD-RjUL
041 1# - LANGUAGE CODE
Language code of text/sound track or separate title eng
-- lat
Language code of original lat
082 04 - DEWEY DECIMAL CLASSIFICATION NUMBER
Classification number 871
Author mark and year PRP 1952
100 1# - MAIN ENTRY--PERSONAL NAME
Personal name Propertius, Sextus.
9 (RLIN) 71533
245 10 - TITLE STATEMENT
Title Propertius /
Statement of responsibility, etc. with an English translation by H.E. Butler.
260 ## - PUBLICATION, DISTRIBUTION, ETC. (IMPRINT)
Place of publication, distribution, etc. London ;
Name of publisher, distributor, etc. Heinemann ;
Place of publication, distribution, etc. New York :
Name of publisher, distributor, etc. Macmillan,
Date of publication, distribution, etc. 1912 [reprinted 1952].
300 ## - PHYSICAL DESCRIPTION
Pagination xvi, 362 p. ;
Size 17 cm.
490 1# - SERIES STATEMENT
Series statement Loeb classical library ;
Volume/sequential designation 18
504 ## - BIBLIOGRAPHY, ETC. NOTE
Bibliography, etc Includes bibliographical reference and index.
650 1# - SUBJECT ADDED ENTRY--TOPICAL TERM
Topical term or geographic name as entry element Elegiac poetry, Latin -- Translations into English.
9 (RLIN) 71534
700 1# - ADDED ENTRY--PERSONAL NAME
Personal name Butler, Harold Edgeworth,
Dates associated with a name 1878-1951
830 #0 - SERIES ADDED ENTRY--UNIFORM TITLE
Volume number/sequential designation 18.
830 #0 - SERIES ADDED ENTRY--UNIFORM TITLE
Uniform title Loeb classical library ;
942 ## - ADDED ENTRY ELEMENTS (KOHA)
Source of classification or shelving scheme Dewey Decimal Classification
Koha item type Books
Holdings
Lost status Source of classification or shelving scheme Damaged status Not for loan Collection code Permanent Location Current Location Shelving location Date acquired Source of acquisition Cost, normal purchase price Total Checkouts Full call number Date last seen Copy number Koha item type
  Dewey Decimal Classification   Added to bundle Fiction Central Library, University of Rajshahi Central Library, University of Rajshahi Reading Room   simpkin marshall 15.00   871 PRP 1952 10/03/2014 C-1 Books